00604pab a2200193 454500008004000000100001800040245007000058260000900128300001500137362001600152650002100168650001800189650001300207700001900220773003400239909001100273999001900284952010700303180718b2015 xxu||||| |||| 00| 0 eng d aJain, Sheelam aAn empirical assessment of training effectiveness in Indian banks c2015 ap.333-346. aAug and Nov aTraining - India aBanks - India aTraining aJain, Ravindra aManagement and Labour Studies a112232 c112227d112227 00104070aIIPAbIIPAd2018-07-19hVolume no: 40, Issue no: 3-4pAR112692r2018-07-19w2018-07-19yAR